Normal view
MARC view
- الموحدين-علاقات خارجية، الاندلس-تاريخ-الموحدين، 1130-1269
Entry Topical Term
001 - CONTROL NUMBER
- control field: 39448
003 - CONTROL NUMBER IDENTIFIER
- control field: JO-AjAnu
005 - DATE AND TIME OF LATEST TRANSACTION
- control field: 20230606080548.0
008 - FIXED-LENGTH DATA ELEMENTS
- fixed length control field: 230606|| aca||aabn | a|a d
040 ## - CATALOGING SOURCE
- Original cataloging agency: JO-AjAnu
- Transcribing agency: JO-AjAnu
150 ## - HEADING--TOPICAL TERM
- Topical term or geographic name entry element: الموحدين-علاقات خارجية، الاندلس-تاريخ-الموحدين، 1130-1269
670 ## - SOURCE DATA FOUND
- Source citation: Work cat.: (JO-AjAnu)20228: ابو رميلة، هشام, author 39447, علاقات الموحدين بالممالك النصرانية والدول الإسلامية في الاندلس